000
00294nam a2200121Ia 4500
005
20251222142021.0
008
251222s9999||||xx |||||||||||||| ||spa||
082
_a
869.56/B44D
100
_a
BendezĂș, Edmundo
245
0
_a
El Delirio de los Coribante:
264
_b
Villanueva
942
_c
LIB
999
_c
10637
_d
10637